Tiếng Nhật hiện đại Trình độ sơ cấp
Các bài học về các tình huống giao tiếp trong tiếng Nhật hiện đại.
Đã lưu trong:
| Tác giả chính: | |
|---|---|
| Định dạng: | Sách |
| Năm xuất bản: |
Tp. HCM
Nxb Trẻ
1999
|
| Series: | Đại học Hồng Bàng
|
| Chủ đề: | |
| Tags: |
Thêm thẻ
Không có thẻ, Hãy là người đầu tiên gắn thẻ bản ghi này!
|
| LEADER | 01517nam a2200217 4500 | ||
|---|---|---|---|
| 082 | |a 495.6 |b NG527M | ||
| 100 | |a Nguyễn Mạnh Hùng | ||
| 245 | |a Tiếng Nhật hiện đại |c Nguyễn Mạnh Hùng |b Trình độ sơ cấp | ||
| 260 | |a Tp. HCM |b Nxb Trẻ |c 1999 | ||
| 300 | |a 295 tr. |c 24 cm | ||
| 490 | |a Đại học Hồng Bàng | ||
| 520 | |a Các bài học về các tình huống giao tiếp trong tiếng Nhật hiện đại. | ||
| 653 | |a Ngôn ngữ | ||
| 653 | |a Tiếng Nhật | ||
| 942 | |2 ddc |c STK0 | ||
| 999 | |c 4045 |d 4045 | ||
| 952 | |0 0 |1 0 |2 ddc |4 0 |6 495_600000000000000_NG527M |7 0 |8 400 |9 41275 |a qbu |b qbu |c D4 |d 2014-12-18 |g 27000 |o 495.6 NG527M |p 3031.c1 |r 0000-00-00 |w 2014-12-18 |y STK0 |0 0 |6 495_600000000000000_NG527M | ||
| 952 | |0 0 |1 0 |2 ddc |4 0 |6 495_600000000000000_NG527M |7 0 |8 400 |9 41276 |a qbu |b qbu |c D4 |d 2014-12-18 |g 27000 |l 3 |m 1 |o 495.6 NG527M |p 3031.c2 |r 2019-11-26 |s 2019-11-12 |w 2014-12-18 |y STK0 |0 0 |6 495_600000000000000_NG527M | ||
| 952 | |0 0 |1 0 |2 ddc |4 0 |6 495_600000000000000_NG527M |7 0 |8 400 |9 41277 |a qbu |b qbu |c D4 |d 2014-12-18 |g 27000 |l 3 |m 2 |o 495.6 NG527M |p 3031.c3 |r 2017-02-27 |s 2017-02-15 |w 2014-12-18 |y STK0 |0 0 |6 495_600000000000000_NG527M | ||
| 952 | |0 0 |1 0 |2 ddc |4 0 |6 495_600000000000000_NG527M |7 0 |8 400 |9 41278 |a qbu |b qbu |c D4 |d 2014-12-18 |g 27000 |l 2 |m 1 |o 495.6 NG527M |p 3031.c4 |r 2018-03-09 |s 2018-02-05 |w 2014-12-18 |y STK0 |0 0 |6 495_600000000000000_NG527M | ||
| 952 | |0 0 |1 0 |2 ddc |4 0 |6 495_600000000000000_NG527M |7 0 |8 400 |9 41279 |a qbu |b qbu |c D4 |d 2014-12-18 |g 27000 |o 495.6 NG527M |p 3031.c5 |r 0000-00-00 |w 2014-12-18 |y STK0 |0 0 |6 495_600000000000000_NG527M | ||